Advice to a grand-daughter : (Record no. 130170)
[ view plain ]
| 000 -LEADER | |
|---|---|
| fixed length control field | 01320cam a2200301 i 4500 |
| 001 - CONTROL NUMBER | |
| control field | 3656208 |
| 003 - CONTROL NUMBER IDENTIFIER | |
| control field | ARRUPE |
| 005 - DATE AND TIME OF LATEST TRANSACTION | |
| control field | 20200122100836.0 |
| 008 - FIXED-LENGTH DATA ELEMENTS--GENERAL INFORMATION | |
| fixed length control field | 760331s1975 enkaf 001 0aeng |
| 010 ## - LIBRARY OF CONGRESS CONTROL NUMBER | |
| LC control number | 76357480 |
| 015 ## - NATIONAL BIBLIOGRAPHY NUMBER | |
| National bibliography number | GB*** |
| 020 ## - INTERNATIONAL STANDARD BOOK NUMBER | |
| International Standard Book Number | 0434348619 : |
| Terms of availability | £4.90 |
| 040 ## - CATALOGING SOURCE | |
| Original cataloging agency | DLC |
| Transcribing agency | DLC |
| Modifying agency | DLC |
| 050 00 - LIBRARY OF CONGRESS CALL NUMBER | |
| Classification number | DA552 |
| Item number | .A38 1975 |
| 082 00 - DEWEY DECIMAL CLASSIFICATION NUMBER | |
| Classification number | 941.081/092/4 |
| 300 ## - PHYSICAL DESCRIPTION | |
| Other physical details | ill. ; |
| Dimensions | 24 cm. |
| 100 0# - MAIN ENTRY--PERSONAL NAME | |
| Personal name | Victoria, |
| Titles and other words associated with a name | Queen of Great Britain, |
| Dates associated with a name | 1819-1901. |
| 9 (RLIN) | 48982 |
| 245 10 - TITLE STATEMENT | |
| Title | Advice to a grand-daughter : |
| Remainder of title | letters from Queen Victoria to Princess Victoria of Hesse / |
| Statement of responsibility, etc | selected and with a commentary by Richard Hough ; with a foreword by the Princess's grand-daughter the Lady Brabourne. |
| 260 ## - PUBLICATION, DISTRIBUTION, ETC. (IMPRINT) | |
| Place of publication, distribution, etc | London : |
| Name of publisher, distributor, etc | Heinemann, |
| Date of publication, distribution, etc | 1975. |
| 300 ## - PHYSICAL DESCRIPTION | |
| Extent | xx, 156 p., [12] leaves of plates |
| 500 ## - GENERAL NOTE | |
| General note | Includes index. |
| 600 00 - SUBJECT ADDED ENTRY--PERSONAL NAME | |
| Personal name | Victoria, |
| Titles and other words associated with a name | Queen of Great Britain, |
| Dates associated with a name | 1819-1901 |
| General subdivision | Correspondence. |
| 9 (RLIN) | 49012 |
| 600 20 - SUBJECT ADDED ENTRY--PERSONAL NAME | |
| Personal name | Milford Haven, Victoria Alberta Elizabeth Mathilde Marie, |
| Titles and other words associated with a name | Marchioness of, |
| Dates associated with a name | 1863-1950 |
| General subdivision | Correspondence. |
| 9 (RLIN) | 49013 |
| 650 #0 - SUBJECT ADDED ENTRY--TOPICAL TERM | |
| Topical term or geographic name as entry element | Queens |
| Geographic subdivision | Great Britain |
| General subdivision | Correspondence. |
| 9 (RLIN) | 49014 |
| 700 2# - ADDED ENTRY--PERSONAL NAME | |
| Personal name | Milford Haven, Victoria Alberta Elizabeth Mathilde Marie, |
| Titles and other words associated with a name | Marchioness of, |
| Dates associated with a name | 1863-1950. |
| 9 (RLIN) | 48966 |
| 700 1# - ADDED ENTRY--PERSONAL NAME | |
| Personal name | Hough, Richard, |
| Dates associated with a name | 1922-1999. |
| 9 (RLIN) | 48964 |
| 906 ## - LOCAL DATA ELEMENT F, LDF (RLIN) | |
| a | 7 |
| b | cbc |
| c | orignew |
| d | 3 |
| e | ncip |
| f | 19 |
| g | y-gencatlg |
| 942 ## - ADDED ENTRY ELEMENTS (KOHA) | |
| Source of classification or shelving scheme | Library of Congress Classification |
| Koha item type | Monograph ( Printed materials) |
| Withdrawn status | Lost status | Source of classification or shelving scheme | Damaged status | Not for loan | Collection code | Home library | Current library | Shelving location | Date acquired | Total Checkouts | Full call number | Barcode | Date last seen | Price effective from | Koha item type |
|---|---|---|---|---|---|---|---|---|---|---|---|---|---|---|---|
| Library of Congress Classification | Main Collection | ARRUPE LIBRARY | ARRUPE LIBRARY | Main Collection | 22/01/2020 | DA552 .A38 1975 | 46600006195 | 22/01/2020 | 22/01/2020 | Monograph ( Printed materials) |